000 00540nam a2200217Ia 4500
003 OSt
005 20220928140613.0
006 a|||||r|||| 00| 0
007 ta
008 220927b |||||||| |||| 00| 0 eng d
024 _a9859
037 _cTextual
040 _aSDCL
_cSDCL
_beng
041 _2eng
_aeng
082 _aI5:7, P0
100 _aRaghavan V Ed.
_9496185
245 0 _aDevelopmental biology of flowering plants
260 _c2000
942 _hI5:7, P0
_cTEXL
_2CC
999 _c812466
_d812466